000 00424nam a2200181Ia 4500
001 753
005 20260306140541.0
008 260306t2010||||xx |||||||||||||| ||spa||
041 _aESP
082 _a160
_bD88
100 _aDomínguez Prieto, Pablo
_eAUT
245 0 _aLógica:
_bla ciencia del logos
260 _c2010
300 _a416 páginas :
_c21 cm.
650 _aGEN
654 _aCHU
942 _cLIB
_dJUS
_fJUS
_2ddc
_n
999 _c753
_d753